Zvukové nahrávky
Uloženo v:
LEADER 02628njm a2200733 a 4500
001 000442608
003 CZ BrMZK
005 20201102095528.0
008 990305s1999 xr f cze d
028 0 3 |a PB 0119-4 311 PBE 232  |b Presston 
040 |a BOA001  |b cze 
080 |a 784.4.03"199"(086.7)  |2 MRF 
245 0 0 |a Na country svatbě  |h [zvukový záznam].  |n 2 
246 3 3 |a Mám rád krásné děvře za řejkou 
246 3 3 |a Mám ráda desperáda 
246 3 3 |a Na Palackym mostě 
246 3 3 |a Partiturou proplouvám 
246 3 3 |a Plácek v Údolí 
246 3 3 |a Posázavskej Dan 
246 3 3 |a Sbohem kapitáne 
246 3 3 |a Starý mlýn 
246 3 3 |a Teď už vím 
246 3 3 |a Tři kříže 
246 3 3 |a Vnímám 
246 3 3 |a Až tě uvidí 
246 3 3 |a Bude vandrování 
246 3 3 |a Cesta mořem 
246 3 3 |a Chajda na vodě 
246 3 3 |a Co se jen může stát 
246 3 3 |a Harley 
246 3 3 |a Hej, šup námořníci 
246 3 3 |a Jó Kanada 
246 3 3 |a Kavárna Slávie 
246 3 3 |a Kovboj z cherokee 
246 3 3 |a Lochneska 
246 3 3 |a Lodníkův lament 
246 3 3 |a Láska je věc kouzelná 
246 3 3 |a Láska na strunách 
246 3 3 |a Mortyát o řezníku Peroutkovi 
260 |a Praha :  |b Presston,  |c p1999 
300 |a 1 MC :  |b stereo +  |e 1 složený list. 
306 |a 010243 
500 |a Durata 62:43 
500 |a Nahr. neuv 
505 2 |a Vnímám, Kavárna Slávia, Až tě uvidím ... [et al.] 
511 0 |a M. Voborská, zpěv; K. Kahovec, zpěv; P. Brümer, zpěv ... [et al.]. Schovanky; Pacifik; Presston band ... [et al.] 
653 0 |a country hudba 
710 2 |a TC Úsvit - Praha (hudební skupina)  |7 mzk2009513195  |4 prf 
710 2 |a Pacifik (hudební skupina)  |7 mzk2002160200  |4 prf 
710 2 |a Presston Band  |7 ko2004260211  |4 prf 
710 2 |a Schovanky (hudební skupina)  |7 kn20010710301  |4 prf 
710 2 |a Sára (hudební skupina)  |7 ko2003184500  |4 prf 
700 1 |a Pávová, Michaela  |7 ola2009531732  |4 prf 
700 1 |a Vančura, Jan,  |d 1947-  |7 jx20071109045  |4 prf 
700 1 |a Veselý, Luboš,  |d 1968-  |7 jn20000402521  |4 sng  |4 prf 
700 1 |a Voborská, Marcela  |7 ola2005262930  |4 prf 
700 1 |a Zoch, Josef,  |d 1960-  |7 jx20040720159  |4 prf 
700 1 |a Brümer, Pavel,  |d 1946-2015  |7 xx0090802  |4 prf 
700 1 |a Hrubec, Vladimír,  |d 1957-  |7 jx20071206004  |4 prf 
700 1 |a Kahovec, Karel,  |d 1946-  |7 xx0003996  |4 prf 
910 |a BOA001  |b KZ-0007.677,2 
964 |a Hudba country  |z stol.20.,léta 90.  |x MC 
990 |a AV 
996 6 |b 261H008238  |c KZ-0007.677,2  |l MZK  |r Sklad / do 24 hodin  |n 0  |p p.v.  |w 000442608  |u 000010  |a 1  |e BOA001  |j MZK50  |s P